Higher education and the labour market in The Federal Republic of Germany.

Salvato in:
Dettagli Bibliografici
Autore principale: Teichler, Ulrich (autor)
Altri autori: Sanyal, Bikas C. (autor) (autor)
Natura: Libro
Lingua:inglese
Soggetti:
Tags: Aggiungi Tag
Nessun Tag, puoi essere il primo ad aggiungerne!!

MARC

LEADER 00000cam^a2200000uu^4500
001 000488569
005 20250521000000.0
008 031710s1982^^^^^^^^^^^^rd^r^^000^0^eng^d
009 20260526150657.538
022 |a 9280311034 
035 |a FCE 000031750 
035 |a FCE 017695 
037 |a Acervo ITESO - Biblioteca 
041 |a eng 
082 0 4 |a 378.365432  |b TEIh 
100 |a Teichler, Ulrich  |e (autor) 
245 1 0 |a Higher education and the labour market in The Federal Republic of Germany. 
264 |a Paris :  |b IIEP : UNESCO,  |c 1982. 
300 |a 178 p. 
336 |a texto  |b txt  |2 rdacontenido 
337 |a sin mediación  |b n  |2 rdamedio 
338 |a volumen  |b nc  |2 rdasoporte 
649 |a XX 
650 |a Educación superior 
650 |a Relación educación-trabajo 
650 |a Futurología de la educación 
650 |a Mercado de trabajo 
650 |a Evaluación educativa 
650 |a Políticas de educación 
650 |a Alemania 
700 |a Sanyal, Bikas C.  |e (autor) 
910 |a Fondo Centro de Estudios Educativos 
920 |a Impresos - Libros 
930 |a Fondos Especiales 
905 |a 133 
901 |a ALE017695  |b IT2  |c CEE  |u 20250521 
902 |a https://opac.biblio.iteso.mx/vufind/Record/000488569